| 000 | 00000nam##2200000za#4500 |
| 001 | 9.639243 |
| 003 | CaOODSP |
| 005 | 20210624222050 |
| 007 | cr ||||||||||| |
| 008 | 150407|2002||||xxc|||||o f|0| 0 fre|d |
| 040 | |aCaOODSP|bfre |
| 043 | |an-cn--- |
| 086 | 1 |aR2-218/2002F-PDF |
| 110 | 1 |aCanada.|bAffaires indiennes et du Nord. |
| 245 | 10|aTisser des liens : |h[ressource électronique]|bprojet d'imposition de droits d'aménagement sur les terres des Premières nations |
| 260 | |aOttawa - Ontario : |bAffaires indiennes et du Nord |c2002. |
| 300 | |a57p.|bfigures, tableaux |
| 504 | |aBibliographie. |
| 590 | |a12-30-Supp|b2012-06-28 |
| 691 | 07|aAutochtones|2gcpds |
| 691 | 07|aGestion financière|2gcpds |
| 775 | 08|tBuilding bridges : |w(CaOODSP)9.695092 |
| 856 | 40|ahttp://publications.gc.ca|qPDF|s526 Ko|uhttps://publications.gc.ca/collections/collection_2011/ainc-inac/R2-218-2002-fra.pdf |
| 986 | |aQS-7038-000-FF-A1 |